书目信息 |
| 题名: |
用Maple和MATLAB解决科学计算问题
|
|
| 作者: | 刘来福 译 | |
| 分册: | ||
| 出版信息: | 北京 高等教育出版社 1999.05 |
|
| 页数: | 330页 | |
| 开本: | 16开 | |
| 丛书名: | ||
| 单 册: | ||
| 中图分类: | O241 | |
| 科图分类: | ||
| 主题词: | 计算数学 | |
| 电子资源: | ||
| ISBN: | 7-04-006935-0 | |
| 000 | 00584nam0 2200193 45 | |
| 001 | 0106191173 | |
| 005 | 20010619111042.4 | |
| 010 | @a7-04-006935-0@d32.00元 | |
| 100 | @a20010619d1999 km y0chiy0120 ea | |
| 101 | 0 | @achi |
| 105 | @a z 000yy | |
| 200 | 1 | @a用Maple和MATLAB解决科学计算问题@AYong Maple He MATLAB Jie Jue Ke Xue Ji Suan Wen Ti@f刘来福等译@FLiu Lai Fu Deng Yi |
| 210 | @a北京@c高等教育出版社@d1999.05 | |
| 215 | @a330页@d16开 | |
| 606 | 0 | @a计算数学 |
| 690 | @aO241@v3 | |
| 701 | 0 | @a刘来福@4译 |
| 801 | @aCN@bPftUser@c20010619 | |
| 905 | @f5@b349075-079@dO241@eL245=3 | |
| 用Maple和MATLAB解决科学计算问题/刘来福等译.-北京:高等教育出版社,1999.05 |
| 330页;16开 |
| ISBN 7-04-006935-0:32.00元 |
| ● |
| 相关链接 |
|
|
|
正题名:用Maple和MATLAB解决科学计算问题
索取号:O241/L245=3
 
预约/预借
| 序号 | 登录号 | 条形码 | 馆藏地/架位号 | 状态 | 备注 |
| 1 | 349075 | 203490757 | 自科库401/401自科库 49排2列2层/ [索取号:O241/L245=3] | 在馆 | |
| 2 | 349076 | 203490766 | 自科库401/401自科库 49排2列2层/ [索取号:O241/L245=3] | 在馆 | |
| 3 | 349077 | 203490775 | 自科库401/401自科库 49排2列2层/ [索取号:O241/L245=3] | 在馆 | |
| 4 | 349078 | 203490784 | 自科库401/401自科库 49排2列2层/ [索取号:O241/L245=3] | 在馆 | |
| 5 | 349079 | 203490793 | 自科库401/401自科库 49排2列2层/ [索取号:O241/L245=3] | 在馆 |